书目信息 |
| 题名: |
中华人民共和国大事记
|
|
| 作者: | ;新华通讯社国内资料组 编 | |
| 分册: | ||
| 出版信息: | 北京 新华出版社 1982.06 |
|
| 页数: | 567页 | |
| 开本: | 19cm | |
| 丛书名: | ||
| 单 册: | ||
| 中图分类: | Z52 | |
| 科图分类: | ||
| 主题词: | 年鉴--中国 , 年刊--中国 , 年报--中国 | |
| 电子资源: | ||
| ISBN: | ||
| 000 | 00704nam0 2200241 45 | |
| 001 | 0405131600 | |
| 005 | 20050509165314.1 | |
| 010 | @dCNY2.00 | |
| 091 | @a3203.020 | |
| 100 | @a20040513d1982 km y0chiy0120 ea | |
| 101 | 0 | @achi |
| 105 | @a z 000yy | |
| 200 | 1 | @a中华人民共和国大事记@AZhong Hua Ren Min Gong He Guo Da Shi Ji@e1949~1980@f新华通讯社国内资料组编@FXin Hua Tong Xun She Guo Nei Zi Liao Zu Bian |
| 210 | @a北京@c新华出版社@d1982.06 | |
| 215 | @a567页@d19cm | |
| 517 | @a1949~1980 | |
| 606 | 0 | @a年鉴@x中国 |
| 606 | 0 | @a年刊@x中国 |
| 606 | 0 | @a年报@x中国 |
| 690 | @aZ52@v3 | |
| 711 | 02 | @a新华通讯社国内资料组@4编 |
| 801 | @aCN@bPftUser@c20040513 | |
| 905 | @dZ52@e11@f1@b84072 | |
| 中华人民共和国大事记:1949~1980/新华通讯社国内资料组编.-北京:新华出版社,1982.06 |
| 567页;19cm |
| ISBN :CNY2.00 |
| ● |
| 相关链接 |
|
|
|
|
正题名:中华人民共和国大事记
索取号:Z52/11
 
预约/预借
| 序号 | 登录号 | 条形码 | 馆藏地/架位号 | 状态 | 备注 |
| 1 | 0084072 | 002028095 | 工具书阅览室/ [索取号:Z52/11] | 在馆 | |
| 2 | 0084074 | 202130764 | 第二样本阅览室/ [索取号:Z52/11] | 在馆 |